North American Geography by Letter - B - Statistics

General Stats
  • This quiz has been taken 580 times
  • The average score is 12 of 20
Answer Stats
Hint Answer % Correct
The only Central American country without a Pacific coastline Belize
95%
Country that produced Rihanna Barbados
93%
City that is home to the Bruins, Celtics and Red Sox sports teams Boston
91%
Canadian province where you would visit Vancouver British Columbia
91%
Island nation that includes Andros, Cat and Great Inagua islands Bahamas, The
86%
Major western peninsula of Mexico Baja California
86%
Capital of Louisiana Baton Rouge
85%
The above country's capital city Belmopan
73%
Capital city of the above Bridgetown
68%
Home city of poets Edgar Allen Poe and Ogden Nash Baltimore
65%
Canada's first national park Banff
64%
Capital of St. Kitts & Nevis Basseterre
53%
Bay adjacent to Greenland that connects to the Davis Strait and the Labrador Sea Baffin Bay
44%
Island part of the ABC group that includes Aruba and Curaçao Bonaire
39%
South Dakota national park co-managed by the Oglala Sioux; has many fossils Badlands, The
37%
Mineral rich mountain range of South Dakota, subject to Native American land claims Black Hills
29%
Mexican city with a "nice view", largest in Tultitlán Municipality Buenavista
23%
Utah national park famous for geologic formations called Hoodoos Bryce Canyon
16%
Suburb of Toronto once known as the "Flower Town of Canada" Brampton
10%
Major river of south-central Mexico, also called Mezcala and Atoyac Balsas
1%
No matching quizzes found
Score Distribution
Percent of People with Each Score
Percentile by Number Answered
Your Score History
You have not taken this quiz